| 000 | 00648nam a2200253 a 4500 | ||
|---|---|---|---|
| 003 | AR-BaBNM | ||
| 005 | 20251128210829.0 | ||
| 008 | 082120s2002 ||||||||||||||000 | spa|| | ||
| 020 | _a84-249-2502-5 | ||
| 040 | _cAR-BaBNM | ||
| 100 | 0 | _aEuclides | |
| 245 | 0 | 0 |
_aElementos _blibros 1-4 |
| 260 |
_aMadrid _bGredos _c2000 |
||
| 300 | _axxx, 189 p. | ||
| 490 | 0 |
_aBiblioteca básica Gredos _vv. 39 |
|
| 650 | 4 | _aHISTORIA DE LAS CIENCIAS | |
| 650 | 4 | _aGEOMETRIA | |
| 650 | 4 | _aMATEMATICA | |
| 651 | 4 | _aGrecia | |
| 700 | 1 |
_aVega, Luis _eprologuista |
|
| 700 | 1 |
_aPuertas Castaños, María Luisa _etraductor |
|
| 942 | _cBK | ||
| 998 | _cMARTIN | ||
| 999 |
_c17109 _d17109 |
||